000 00518nam a2200181Ia 4500
005 20260511200457.0
008 260511s9999 xx 000 0 und d
020 _a0486493474 (paperback) | 9780486493473 (paperback)
082 _a515.9 PAL
100 _aPaliouras, John D.
245 0 _aComplex variables for scientists and engineers
250 _a2nd. ed.
260 _bMacmillan
_aNew York
_c2014
650 _aComputer Science
650 _aCreative Technology
650 _aSoftware Engineering
942 _cBK
999 _c6592
_d6592